00471nam a2200133Ia 4500082001600000100003400016245005300050260006200103300000900165504000800174650003200182650005800214710006500272 a388.1 IND-I aIndia. Ministry of Personnel, 0aImprovement in state road transport undertakings aNew DelhibMinistry of Personnel, Public Grievancesc1991 a79p. aref aHighway engineering - India aRoadside improvement - Maintenance and repair - India aIndia. Ministry of Personnel, Public Grievances and Pensions